000 00334nam a2200145 i 4500
001 bg
100 1 _aMANITIUS, Zdzisław
245 0 _aMaszyny synchroniczne /
_cZdzisław Manitius.
250 _aWyd.2.
260 _aGdańsk,
_c1978.
040 _cBPK
041 _apol
942 _cKS
008 s pl f |000 0 pol
999 _c17913
_d17913
856 _uhttp://koha.tu.koszalin.pl/cgi-bin/koha/opac-detail.pl?biblionumber=17913
_yKatalog online BPK